Subarnalata / (Record no. 129756)
[ view plain ]
| 000 -LEADER | |
|---|---|
| fixed length control field | 00769nam a22002537a 4500 |
| 003 - CONTROL NUMBER IDENTIFIER | |
| control field | dpl |
| 005 - DATE AND TIME OF LATEST TRANSACTION | |
| control field | 20180614143748.0 |
| 008 - FIXED-LENGTH DATA ELEMENTS--GENERAL INFORMATION | |
| fixed length control field | 180614b xxu||||| |||| 00| 0 eng d |
| 010 ## - LIBRARY OF CONGRESS CONTROL NUMBER | |
| LC control number | A-938250 |
| 020 ## - INTERNATIONAL STANDARD BOOK NUMBER | |
| Terms of availability | 00.00 |
| International Standard Book Number | 0333923197 |
| 035 ## - SYSTEM CONTROL NUMBER | |
| System control number | A-938250, A-938269 |
| 037 ## - SOURCE OF ACQUISITION | |
| Source of stock number/acquisition | Cen Lib/Ret |
| 040 ## - CATALOGING SOURCE | |
| Original cataloging agency | DPL |
| Language of cataloging | EN |
| Transcribing agency | 0 |
| 082 ## - DEWEY DECIMAL CLASSIFICATION NUMBER | |
| Classification number | N |
| Item number | DEB |
| 100 ## - MAIN ENTRY--PERSONAL NAME | |
| Personal name | Debi, Ashapurna |
| 9 (RLIN) | 27305 |
| 245 ## - TITLE STATEMENT | |
| Title | Subarnalata / |
| Statement of responsibility, etc | by Ashapurna Debi ; translated from the Bengali original by Gopa Majumdar |
| 260 ## - PUBLICATION, DISTRIBUTION, ETC. (IMPRINT) | |
| Name of publisher, distributor, etc | Macmillan India Limited |
| Date of publication, distribution, etc | 1997 |
| Place of publication, distribution, etc | Chennai |
| 270 ## - ADDRESS | |
| Address | 21 Patullos Road |
| City | Chennai |
| Postal code | 600 002 |
| 300 ## - PHYSICAL DESCRIPTION | |
| Extent | xxi,213p. |
| Dimensions | 20cm(Hb) |
| 650 ## - SUBJECT ADDED ENTRY--TOPICAL TERM | |
| Topical term or geographic name as entry element | India -- Fiction |
| 9 (RLIN) | 108960 |
| 650 ## - SUBJECT ADDED ENTRY--TOPICAL TERM | |
| Topical term or geographic name as entry element | English fiction |
| 9 (RLIN) | 108961 |
| 700 ## - ADDED ENTRY--PERSONAL NAME | |
| Personal name | Majumdar, Gopa |
| 9 (RLIN) | 27308 |
| 942 ## - ADDED ENTRY ELEMENTS (KOHA) | |
| Source of classification or shelving scheme | Dewey Decimal Classification |
| Koha item type | English Books |
| Classification part | N |
| Call number suffix | DEB |
| Withdrawn status | Lost status | Damaged status | Not for loan | Home library | Current library | Date acquired | Source of acquisition | Cost, normal purchase price | Total Checkouts | Full call number | Barcode | Date last seen | Copy number | Cost, replacement price | Price effective from | Koha item type | Public note | Source of classification or shelving scheme | Collection code | Total Renewals | Date checked out |
|---|---|---|---|---|---|---|---|---|---|---|---|---|---|---|---|---|---|---|---|---|---|
| Written off | Central Library | Central Library | 07/07/2015 | Cen Lib/Ret | 0.00 | N DEB | A-938250 | 07/07/2015 | 1 | 0.00 | 07/07/2015 | English Books | W/d List No. 6859/25 ; dtd 04/08/2020 | ||||||||
| Shahdara Branch | Shahdara Branch | 14/06/2018 | BPPD/PUB | 0.00 | 2 | N DEB | A-938269 | 11/04/2022 | 0.00 | 14/06/2018 | English Books | Dewey Decimal Classification | Non-fiction | 1 | 29/03/2022 |
